000 00503nam a2200181Ia 4500
999 _c14521
_d14521
003 OSt
005 20201023124656.0
008 190216s9999||||xx |||||||||||||| ||und||
020 _a9780007258918
040 _coclc
082 _a813.54
_bLAH/N
100 _aLahiri, Jhumpa
_95405
245 4 _aThe Namesake /
_cJhumpa Lahiri
260 _bHarper Collins Publishers,
_c2008.
_aLondon:
300 _a291p
650 _aEnglish
942 _cBK
_2ddc
_h813.54
_iLAH/N
_k813.54
_mLAH/N